Geboren in Breslau - Statistiken

Allgemein
  • Dieses Quiz wurde 12 mal gespielt
    6 seit der letzten Aktualisierung
  • Das Durchschnittsergebnis liegt bei 4 aus 15
Antwortstatistiken
Hinweis Antwort % Korrekt
Jagdflieger im Ersten Weltkrieg, unter dem Namen "Roter Baron" bekannt 1892 Manfred von Richthofen
50%
früherer Hauptdarsteller von Löwenzahn 1937 Peter Lustig
50%
Philosophin und Frauenrechtlerin, wurde Opfer der NS-Verfolgung und wird von der katholischen Kirche als Märtyrerin angesehen 1891 Edith Stein
33%
Tennisspieler und Halbfinalist in Wimbledon 1997 Hubert Hurkacz
33%
Ministerpräsident von Polen 1968 Mateusz Morawiecki
33%
Physiknobelpreisträger, für seine grundlegenden Beiträge zur Quantenmechanik 1882 Max Born
33%
polnischer Kameramann, "Pulp Fiction" "American Psycho" 1954 Andrzej Sekula
17%
evangelischer Theologe und Widerstandskämpfer gegen die NS-Diktatur 1906 Dietrich Bonhoeffer
17%
Schriftsteller und einer der Wortführer der frühen deutschen Arbeiterbewegung 1825 Ferdinand Lassalle
17%
gilt als Begründer der modernen Hermeneutik 1768 Friedrich Schleiermacher
17%
Chemienobelpreisträger, der ein Verfahren zur Herstellung von Ammoniak entwickelte 1868 Fritz Haber
17%
Vorsitzender des deutschen Zentralrats der Juden von 1992 bis 1999 1927 Ignatz Bubis
17%
einer der bedeutendsten Dirigenten des 20. Jahrhunderts 1885 Otto Klemperer
17%
Volkswirt, erhielt als einziger Deutscher den Alfred-Nobel-Gedächtnispreis für Wirtschaftswissenschaften 1930 Reinhard Selten
17%
SPD-Politiker und langjähriger Bundestagspräsident 1943 Wolfgang Thierse
17%
Keine übereinstimmenden Quizze gefunden
Verteilung der Resultate
Anzahl Personen mit jedem Resultat
Perzentil nach korrekt beantworteten Fragen
Ihre Resultats-Entwicklung
Sie haben dieses Quiz seit der letzten Aktualisierung nicht gespielt